Istilah pentadbiran : Inggeris-melayu-Inggeris :

Bibliographic Details
Corporate Author: Dewan Bahasa dan Pustaka
Format: Book
Published: Kuala Lumpur : Dewan Bahasa dan Pustaka , 1962
Subjects:

MARC

LEADER 00000cam a2200000 7i4500
001 0000009122
005 20161102.0
040 |a INS 
090 0 0 |a PL5087.3.P97   |b I55 1962 
245 0 0 |a Istilah pentadbiran :   |b Inggeris-melayu-Inggeris :   |b Dewan Bahasa dan Pustaka 
260 |a Kuala Lumpur :   |b Dewan Bahasa dan Pustaka ,   |c 1962 
300 |a 196p ;   |c 20cm. 
650 0 0 |a Administration   |x Terminology 
650 0 0 |a Commerce   |x Terminology 
650 0 0 |a Industrial management   |x Terminology 
710 2 |a Dewan Bahasa dan Pustaka 
999 |a 0000023361   |b BOOK   |c Open Shelf   |e Default branch 
999 |a 0000024165   |b BOOK   |c Open Shelf   |e Default branch